000 00242nam a2200097Ia 4500
008 240331s9999 xx 000 0 und d
082 _bWIC
100 _aWickramasinghe, N
245 0 _aEthnic politics in colonial Sri Lanka 1927-1947
942 _cL
999 _c2331
_d2331